Visualizzazione normale
Vista MARC
- Lansac Eric
di Personal Name
Records bibliografici associati: 1
001 - CONTROL NUMBER
- control field: 37724
003 - CONTROL NUMBER IDENTIFIER
- control field: IT-RoPau
005 - DATE AND TIME OF LATEST TRANSACTION
- control field: 20151125172704.0
008 - FIXED-LENGTH DATA ELEMENTS
- fixed length control field: 151125|| aca||aabn | a|a d
040 ## - CATALOGING SOURCE
- Original cataloging agency: IT-RoPau
- Transcribing agency: IT-RoPau
100 ## - HEADING--PERSONAL NAME
- Personal name: Lansac Eric
- Relator term: (regista)
- Miscellaneous information: Codice regista SPICS: 8756
670 ## - SOURCE DATA FOUND
- Source citation: Work cat.: (IT-RoPau)104799: Lansac Eric Codice regista SPICS: 8756 37720, UNA NUOVA PRIMAVERA UNA NUOVA PRIMAVERA (Rif. Codice opera principale : B9602)